| 000 | 01646cam a2200469 a 4500 | ||
|---|---|---|---|
| 001 | 21394 | ||
| 003 | VRT | ||
| 005 | 20260228133427.0 | ||
| 008 | 240318s1953 xo a g 0000m slo | ||
| 015 | _aSNBA19451955-004741 | ||
| 035 | _aSNK000431939 | ||
| 039 | 9 |
_a202403181425 _bVLOAD _c202011101951 _dmsvkbb04 _c202009241404 _dAUTHORITY _c201907041103 _dAUTHORITY |
|
| 040 |
_aSNK _bslo _cSNK _eAACR2 |
||
| 041 | 0 | _aslo | |
| 044 |
_axo _cSK |
||
| 072 | 7 |
_a821.162.4-1 _22011 |
|
| 072 | 7 |
_a821.162.4-31 _22011 |
|
| 100 | 1 |
_aJesenský, Janko, _d1874-1945 _4aut |
|
| 245 | 1 | 0 |
_aRozprávky a verše Janka Jesenského _c[sostavil Štefan Weiskopf ; ilustroval Štefan Bednár] |
| 250 | _aVyd. 1. | ||
| 260 |
_aBratislava _bPráca _c1953 |
||
| 300 |
_a76 s. _c21 cm |
||
| 366 | _e20400 výt. | ||
| 490 | 1 |
_aKnižnica Roháča _vsv. 1 |
|
| 500 | _aBrožovaná | ||
| 655 | 7 |
_aSlovak poetry _2SNKPHeng |
|
| 655 | 7 |
_aslovenská poézia _2SNKPH |
|
| 655 | 7 |
_aslovenské romány _2SNKPH |
|
| 655 | 7 |
_aSlovak fiction _2SNKPHeng |
|
| 700 | 1 |
_aWeiskopf, Štefan, _d1921- _4com |
|
| 700 | 1 |
_aBednár, Štefan, _d1909-1976 _4ill |
|
| 830 | 0 | _aKnižnica Roháča | |
| 942 |
_2ddc _cKLDE _n0 |
||
| 949 |
_6273K0205005 _asvkpoA 53258 _bsvkpo122951 |
||
| 949 |
_6273K0205006 _asvkpoA 53258a _bsvkpo122952 |
||
| 949 |
_6270001000633380 _asvkbbS 40402 _bsvkbbm 33916 |
||
| 949 |
_6270001000633381 _asvkbbS 40403 _bsvkbbm 34790 |
||
| 949 |
_6270001000527312 _asvkbbS 17989 _bsvkbbm 17025 |
||
| 949 |
_6270001000527313 _asvkbbS 17990 _bsvkbbm 89929 |
||
| 999 |
_c21394 _d21394 |
||